000
00245nam a2200109Ia 4500
008
190216s9999||||xx |||||||||||||| ||und||
100
_a
Fathima Gafoor
245
0
_a
Ormayilennum
260
_b
Fathima Gafoor
650
_a
Oormakurip
942
_c
BK
999
_c
26438
_d
26438